书目信息 |
| 题名: |
中国经济形势与展望
|
|
| 作者: | 马洪 | |
| 分册: | ||
| 出版信息: | 中国发展出版社 |
|
| 页数: | 429 | |
| 开本: | 21cm | |
| 丛书名: | ||
| 单 册: | ||
| 中图分类: | F123.2 | |
| 科图分类: | ||
| 主题词: | 经济--中国 | |
| 电子资源: | ||
| ISBN: | 7-80087-178-9 | |
| 000 | 00502nam0 2200181 450 | |
| 001 | 0760515518 | |
| 005 | 20070817164835.51 | |
| 010 | @a7-80087-178-9@d¥15.90 | |
| 100 | @a20070817d km y0chiy0120 ea | |
| 101 | 0 | @achi |
| 200 | 1 | @a中国经济形势与展望@Azhong guo jing ji xing shi yu zhan wang@f马洪等@Fma hong deng |
| 210 | @c中国发展出版社 | |
| 215 | @a429@d21cm | |
| 606 | 0 | @a经济@x中国 |
| 690 | @aF123.2@v3 | |
| 701 | 0 | @a马洪@Ama hong |
| 801 | 0 | @aCN@bPFT@c20070817 |
| 905 | @a213230@dF123.2@eg17@f1 | |
| 中国经济形势与展望/马洪等.-中国发展出版社 |
| 429;21cm |
| ISBN 7-80087-178-9:¥15.90 |
| ● |
| 相关链接 |
|
|
|
|
正题名:中国经济形势与展望
索取号:F123.2/g17
 
预约/预借
| 序号 | 登录号 | 条形码 | 馆藏地/架位号 | 状态 | 备注 |
| 1 | 6501739 | 265017395 | 密集书库-海洋学院/ [索取号:F123.2/g17] | 在馆 |